000 01116nam a22002537a 4500
001 312
003 FISKH
005 20230320115710.0
008 230320b cb ||||| |||| 00| 0 eng d
040 _aFISKH
_beng
_cFISKH
_dFISKH
050 _aPZ7
082 _a853.92
100 _aDami, Elisabetta
_d1958
245 _aGeronimo Stilnon /
_bThea Stilton: and the mystery on the orient express
260 _aNew York
_bScholastic
300 _a157 p.
_c20 cm.
505 _aM
520 _aGeronimo's adventurous sister Thea narrates this fabulous adventure that's packed with action, mystery, and friendship!The Thea Sisters are boarding the famous Orient Express for a journey from Paris to Istanbul! The train is on a special trip to return a precious wedding dress stolen years ago from an Istanbul museum. But there's a rumor that the mysterious Acrobat Thief will steal the dress from the moving train! The Thea Sisters are determined to foil this super-sneaky mouse's plans.
521 8 _a750
_bLexile
521 8 _aM
_bRaz-Plus
650 _atravel
650 _aorient express
942 _2lcc
_cBK
_n0
999 _c312
_d312